000
00319nam a2200121Ia 4500
008
250327s9999 xx 000 0 und d
020
_a
9781544361475
082
_b
COL
_a
CQR
100
_a
LISA DEFRANK-COLE & SHERYLLE J. TAN
_9
33932
245
0
_a
WOMEN AND LEADERSHIP JOURNEY TOWARD EQUITY
260
_b
SAGE
942
_c
BK
999
_c
6609
_d
6609